000
00239nam a2200097Ia 4500
001
682787
005
20250826161425.0
008
250824s9999 xx 000 0 und d
245
0
_a
IV MURAD II
_c
YAVUZ BAHADIROĞLU
260
_b
NESİL YAYINLARI
999
_c
682787
_d
682787